[Event "European Chess Club Cup 2023"]
[Site "Durres, Albania"]
[Date "2023.10.02"]
[Round "2.4"]
[White "Shevchenko, Kirill"]
[Black "Barkhagen, Jonas"]
[Result "1-0"]
[TimeControl "90' + 30' & 30\""]
[WhiteElo "2671"]
[BlackElo "2425"]

1. Nf3 {[%clk 01:30:57]} {[%emt 00:00:03]} Nf6 {[%clk 01:30:39]} {[%emt
00:00:21]} 2. g3 {[%clk 01:31:21]} {[%emt 00:00:07]} d5 {[%clk 01:29:29]}
{[%emt 00:01:39]} 3. Bg2 {[%clk 01:31:44]} {[%emt 00:00:07]} c6 {[%clk
01:29:53]} {[%emt 00:00:06]} 4. c4 {[%clk 01:31:19]} {[%emt 00:00:56]} Bf5
{[%clk 01:23:55]} {[%emt 00:06:27]} 5. Qb3 {[%clk 01:25:36]} {[%emt 00:06:13]}
Qb6 {[%clk 01:23:52]} {[%emt 00:00:32]} 6. d3 {[%clk 01:25:41]} {[%emt
00:00:27]} e6 {[%clk 01:22:12]} {[%emt 00:02:08]} 7. Be3 {[%clk 01:25:28]}
{[%emt 00:00:43]} dxc4 {[%clk 01:18:42]} {[%emt 00:04:00]} 8. dxc4 {[%clk
01:18:00]} {[%emt 00:07:59]} Qxb3 {[%clk 01:07:30]} {[%emt 00:11:42]} 9. axb3
{[%clk 01:18:25]} {[%emt 00:00:05]} Bxb1 {[%clk 01:07:52]} {[%emt 00:00:07]} 10.
Rxb1 {[%clk 01:18:18]} {[%emt 00:00:38]} Na6 {[%clk 01:08:00]} {[%emt
00:00:21]} 11. O-O {[%clk 01:02:00]} {[%emt 00:16:48]} Nd7 {[%clk 01:02:12]}
{[%emt 00:06:18]} 12. Rfd1 {[%clk 00:52:00]} {[%emt 00:10:31]} Bc5 {[%clk
00:43:51]} {[%emt 00:18:50]} 13. Nd4 {[%clk 00:35:01]} {[%emt 00:17:30]} O-O-O
{[%clk 00:38:12]} {[%emt 00:06:08]} 14. Ra1 {[%clk 00:29:15]} {[%emt 00:06:17]}
Nf6 {[%clk 00:36:07]} {[%emt 00:02:34]} 15. b4 {[%clk 00:25:43]} {[%emt
00:04:03]} Nxb4 {[%clk 00:27:01]} {[%emt 00:09:35]} 16. Nxc6 {[%clk 00:24:52]}
{[%emt 00:01:22]} Rxd1+ {[%clk 00:27:13]} {[%emt 00:00:18]} 17. Rxd1 {[%clk
00:25:21]} {[%emt 00:00:01]} Bxe3 {[%clk 00:26:47]} {[%emt 00:00:56]} 18. Nxb4
{[%clk 00:25:45]} {[%emt 00:00:06]} Bc5 {[%clk 00:19:55]} {[%emt 00:07:21]} 19.
Nd3 {[%clk 00:25:53]} {[%emt 00:00:22]} Bd6 {[%clk 00:20:18]} {[%emt 00:00:07]}
20. Ra1 {[%clk 00:23:02]} {[%emt 00:03:22]} Bb8 {[%clk 00:17:47]} {[%emt
00:02:59]} 21. Ra3 {[%clk 00:13:45]} {[%emt 00:09:48]} Rd8 {[%clk 00:15:57]}
{[%emt 00:02:19]} 22. Rb3 {[%clk 00:14:07]} {[%emt 00:00:10]} b6 {[%clk
00:15:28]} {[%emt 00:00:58]} 23. c5 {[%clk 00:13:48]} {[%emt 00:00:50]} bxc5
{[%clk 00:06:51]} {[%emt 00:09:06]} 24. Bb7+ {[%clk 00:14:09]} {[%emt
00:00:10]} Kd7 {[%clk 00:07:07]} {[%emt 00:00:11]} 25. Nxc5+ {[%clk 00:14:32]}
{[%emt 00:00:10]} Ke7 {[%clk 00:07:31]} {[%emt 00:00:04]} 26. Bf3 {[%clk
00:09:31]} {[%emt 00:05:33]} Be5 {[%clk 00:06:55]} {[%emt 00:01:05]} 27. Rb7+
{[%clk 00:06:22]} {[%emt 00:03:40]} Kf8 {[%clk 00:07:16]} {[%emt 00:00:08]} 28.
Nd3 {[%clk 00:06:38]} {[%emt 00:00:14]} Bd4 {[%clk 00:07:36]} {[%emt 00:00:09]}
29. Nb4 {[%clk 00:06:38]} {[%emt 00:00:32]} Bb6 {[%clk 00:03:50]} {[%emt
00:04:15]} 30. Nc6 {[%clk 00:06:21]} {[%emt 00:00:48]} Rd7 {[%clk 00:03:57]}
{[%emt 00:00:22]} 31. Rb8+ {[%clk 00:06:43]} {[%emt 00:00:08]} Ne8 {[%clk
00:04:21]} {[%emt 00:00:06]} 32. h4 {[%clk 00:04:09]} {[%emt 00:03:05]} f6
{[%clk 00:02:17]} {[%emt 00:02:31]} 33. h5 {[%clk 00:03:36]} {[%emt 00:01:06]}
h6 {[%clk 00:00:54]} {[%emt 00:01:53]} 34. Kg2 {[%clk 00:03:48]} {[%emt
00:00:17]} Rc7 {[%clk 00:00:55]} {[%emt 00:00:29]} 35. g4 {[%clk 00:03:25]}
{[%emt 00:00:54]} Kf7 {[%clk 00:00:54]} {[%emt 00:00:30]} 36. Be4 {[%clk
00:03:10]} {[%emt 00:00:45]} f5 {[%clk 00:00:47]} {[%emt 00:00:37]} 37. gxf5
{[%clk 00:03:36]} {[%emt 00:00:05]} Nd6 {[%clk 00:01:10]} {[%emt 00:00:07]} 38.
Nd8+ {[%clk 00:01:38]} {[%emt 00:02:29]} Kf6 {[%clk 00:01:27]} {[%emt
00:00:12]} 39. Nxe6 {[%clk 00:02:06]} {[%emt 00:00:03]} Nxe4 {[%clk 00:01:14]}
{[%emt 00:00:42]} 40. Rxb6 {[%clk 00:02:17]} {[%emt 00:00:20]} axb6 {[%clk
00:01:28]} {[%emt 00:00:15]} 41. Nxc7 {[%clk 00:02:46]} {[%emt 00:00:02]} Kxf5
{[%clk 00:25:50]} {[%emt 00:06:08]} 42. Ne8 {[%clk 00:28:09]} {[%emt 00:05:05]}
g6 {[%clk 00:25:39]} {[%emt 00:00:41]} 43. f3 {[%clk 00:28:24]} {[%emt
00:00:16]} Nc5 {[%clk 00:25:04]} {[%emt 00:01:04]} 44. Nd6+ {[%clk 00:23:08]}
{[%emt 00:05:47]} Kg5 {[%clk 00:25:17]} {[%emt 00:00:16]} 45. hxg6 {[%clk
00:23:28]} {[%emt 00:00:12]} Kxg6 {[%clk 00:25:39]} {[%emt 00:00:07]} 46. Kg3
{[%clk 00:23:53]} {[%emt 00:00:06]} Na4 {[%clk 00:23:36]} {[%emt 00:02:32]} 47.
b4 {[%clk 00:22:37]} {[%emt 00:01:47]} Nc3 {[%clk 00:23:27]} {[%emt 00:00:39]}
48. e4 {[%clk 00:23:03]} {[%emt 00:00:04]} Ne2+ {[%clk 00:22:25]} {[%emt
00:01:32]} 49. Kh4 {[%clk 00:22:01]} {[%emt 00:01:32]} Nd4 {[%clk 00:16:32]}
{[%emt 00:06:23]} 50. f4 {[%clk 00:12:54]} {[%emt 00:09:38]} b5 {[%clk
00:16:48]} {[%emt 00:00:13]} 51. Nc8 {[%clk 00:12:07]} {[%emt 00:01:17]} Nc6
{[%clk 00:14:36]} {[%emt 00:02:41]} 52. Nd6 {[%clk 00:12:32]} {[%emt 00:00:07]}
Nxb4 {[%clk 00:09:34]} {[%emt 00:05:31]} 53. Nxb5 {[%clk 00:06:16]} {[%emt
00:06:46]} Nd3 {[%clk 00:09:55]} {[%emt 00:00:09]} 54. Kg3 {[%clk 00:05:43]}
{[%emt 00:01:04]} h5 {[%clk 00:10:10]} {[%emt 00:00:14]} 55. Nc3 {[%clk
00:03:31]} {[%emt 00:02:42]} h4+ {[%clk 00:09:28]} {[%emt 00:01:12]} 56. Kf3
{[%clk 00:03:38]} {[%emt 00:00:24]} h3 {[%clk 00:07:32]} {[%emt 00:02:25]} 57.
Ne2 {[%clk 00:04:05]} {[%emt 00:00:04]} h2 {[%clk 00:06:33]} {[%emt 00:01:28]}
58. Ng3 {[%clk 00:04:34]} Kf6 {[%clk 00:06:32]} {[%emt 00:00:30]} 59. Ke3
{[%clk 00:05:02]} {[%emt 00:00:03]} Nc5 {[%clk 00:05:57]} {[%emt 00:01:05]} 60.
Nh1 {[%clk 00:04:54]} {[%emt 00:00:39]} Ke6 {[%clk 00:04:20]} {[%emt 00:02:05]}
61. Nf2 {[%clk 00:05:23]} {[%emt 00:00:02]} Kd6 {[%clk 00:02:53]} {[%emt
00:01:57]} 62. Nh1 {[%clk 00:03:48]} {[%emt 00:02:06]} Ke6 {[%clk 00:02:57]}
{[%emt 00:00:26]} 63. Kd4 {[%clk 00:04:17]} Nd7 {[%clk 00:02:20]} {[%emt
00:01:06]} 64. Ng3 {[%clk 00:04:18]} {[%emt 00:00:30]} Nf6 {[%clk 00:01:10]}
{[%emt 00:01:40]} 65. f5+ {[%clk 00:04:04]} {[%emt 00:00:44]} Kf7 {[%clk
00:00:58]} {[%emt 00:00:41]} 66. e5 {[%clk 00:04:26]} {[%emt 00:00:08]} Nh5
{[%clk 00:00:48]} {[%emt 00:00:40]} 67. Nh1 {[%clk 00:04:53]} {[%emt 00:00:03]}
Nf4 {[%clk 00:01:00]} {[%emt 00:00:19]} 68. Ke4 {[%clk 00:05:15]} {[%emt
00:00:07]} Ne2 {[%clk 00:00:59]} {[%emt 00:00:31]} 69. Kd5 {[%clk 00:04:53]}
{[%emt 00:00:52]} Ke7 {[%clk 00:01:28]} 70. Ke4 {[%clk 00:03:21]} {[%emt
00:02:02]} Kf7 {[%clk 00:01:47]} {[%emt 00:00:12]} 71. Ke3 {[%clk 00:03:35]}
{[%emt 00:00:16]} Nc3 {[%clk 00:00:56]} {[%emt 00:01:20]} 72. Kf3 {[%clk
00:04:04]} {[%emt 00:00:01]} Nd5 {[%clk 00:00:53]} {[%emt 00:00:33]} 73. Nf2
{[%clk 00:04:29]} {[%emt 00:00:05]} Ke7 {[%clk 00:01:03]} {[%emt 00:00:20]} 74.
Ke4 {[%clk 00:03:16]} {[%emt 00:01:44]} Nc3+ {[%clk 00:01:10]} {[%emt
00:00:22]} 75. Kd3 {[%clk 00:03:38]} {[%emt 00:00:09]} Nd5 {[%clk 00:01:31]}
{[%emt 00:00:09]} 76. Kd4 {[%clk 00:04:07]} Nf4 {[%clk 00:01:32]} {[%emt
00:00:28]} 77. Ke4 {[%clk 00:04:35]} {[%emt 00:00:02]} Ne2 {[%clk 00:01:41]}
{[%emt 00:00:21]} 78. Ke3 {[%clk 00:04:36]} {[%emt 00:00:28]} Ng3 {[%clk
00:00:48]} {[%emt 00:01:24]} 79. Kf4 {[%clk 00:05:00]} {[%emt 00:00:06]} h1=Q
{[%clk 00:00:40]} {[%emt 00:00:37]} 80. Nxh1 {[%clk 00:05:22]} {[%emt
00:00:09]} Nxh1 {[%clk 00:01:03]} {[%emt 00:00:07]} 1-0

[Event "European Chess Club Cup 2023"]
[Site "Durres, Albania"]
[Date "2023.10.02"]
[Round "2.5"]
[White "Kenneskog, Theodor"]
[Black "Nisipeanu, Liviu-Dieter"]
[Result "1/2-1/2"]
[TimeControl "90' + 30' & 30\""]
[WhiteElo "2335"]
[BlackElo "2600"]

1. e4 {[%clk 01:30:56]} {[%emt 00:00:02]} e5 {[%clk 01:30:31]} {[%emt
00:00:30]} 2. Nf3 {[%clk 01:31:19]} {[%emt 00:00:07]} Nc6 {[%clk 01:30:57]}
{[%emt 00:00:03]} 3. Bc4 {[%clk 01:31:28]} {[%emt 00:00:22]} Nf6 {[%clk
01:31:17]} {[%emt 00:00:10]} 4. d3 {[%clk 01:31:53]} {[%emt 00:00:05]} Be7
{[%clk 01:31:24]} {[%emt 00:00:24]} 5. O-O {[%clk 01:32:09]} {[%emt 00:00:14]}
O-O {[%clk 01:31:38]} {[%emt 00:00:16]} 6. Re1 {[%clk 01:32:33]} {[%emt
00:00:05]} d6 {[%clk 01:32:00]} {[%emt 00:00:09]} 7. a4 {[%clk 01:32:50]}
{[%emt 00:00:13]} Kh8 {[%clk 01:30:25]} {[%emt 00:02:05]} 8. a5 {[%clk
01:30:53]} {[%emt 00:02:26]} a6 {[%clk 01:30:47]} {[%emt 00:00:08]} 9. h3
{[%clk 01:31:18]} {[%emt 00:00:05]} Ng8 {[%clk 01:30:08]} {[%emt 00:01:10]} 10.
Nc3 {[%clk 01:31:42]} {[%emt 00:00:06]} f5 {[%clk 01:30:01]} {[%emt 00:00:37]}
11. Nd5 {[%clk 01:31:54]} {[%emt 00:00:18]} Bf6 {[%clk 01:13:07]} {[%emt
00:17:24]} 12. c3 {[%clk 01:14:46]} {[%emt 00:17:38]} Nce7 {[%clk 01:04:34]}
{[%emt 00:09:03]} 13. Nxf6 {[%clk 01:00:30]} {[%emt 00:14:46]} Nxf6 {[%clk
00:51:15]} {[%emt 00:13:49]} 14. Ng5 {[%clk 00:27:49]} {[%emt 00:33:10]} Qe8
{[%clk 00:48:54]} {[%emt 00:02:51]} 15. d4 {[%clk 00:25:53]} {[%emt 00:02:27]}
Nxe4 {[%clk 00:47:31]} {[%emt 00:01:53]} 16. dxe5 {[%clk 00:24:33]} {[%emt
00:01:50]} dxe5 {[%clk 00:47:54]} {[%emt 00:00:07]} 17. Nxe4 {[%clk 00:20:52]}
{[%emt 00:04:11]} fxe4 {[%clk 00:48:19]} {[%emt 00:00:05]} 18. Rxe4 {[%clk
00:16:17]} {[%emt 00:05:05]} Ng6 {[%clk 00:45:54]} {[%emt 00:02:55]} 19. Qe1
{[%clk 00:14:04]} {[%emt 00:02:43]} Bf5 {[%clk 00:44:21]} {[%emt 00:02:03]} 20.
Re3 {[%clk 00:13:37]} {[%emt 00:00:56]} Rd8 {[%clk 00:35:22]} {[%emt 00:09:29]}
21. b3 {[%clk 00:12:31]} {[%emt 00:01:36]} Be6 {[%clk 00:33:49]} {[%emt
00:02:03]} 22. Ba3 {[%clk 00:09:32]} {[%emt 00:03:30]} Rf6 {[%clk 00:27:41]}
{[%emt 00:06:38]} 23. Bxe6 {[%clk 00:09:02]} {[%emt 00:01:00]} Rxe6 {[%clk
00:26:53]} {[%emt 00:01:18]} 24. Rd1 {[%clk 00:09:11]} {[%emt 00:00:22]} Rxd1
{[%clk 00:21:17]} {[%emt 00:06:06]} 25. Qxd1 {[%clk 00:09:37]} {[%emt
00:00:04]} h6 {[%clk 00:21:43]} {[%emt 00:00:05]} 26. c4 {[%clk 00:09:38]}
{[%emt 00:00:29]} Nf4 {[%clk 00:21:22]} {[%emt 00:00:50]} 27. Kh2 {[%clk
00:07:05]} {[%emt 00:03:01]} e4 {[%clk 00:12:41]} {[%emt 00:09:13]} 28. Qd4
{[%clk 00:03:08]} {[%emt 00:04:27]} Qg6 {[%clk 00:08:27]} {[%emt 00:04:44]} 29.
Rg3 {[%clk 00:02:47]} {[%emt 00:00:51]} Ne2 {[%clk 00:06:31]} {[%emt 00:02:26]}
30. Qd8+ {[%clk 00:02:02]} {[%emt 00:01:15]} Qe8 {[%clk 00:06:46]} {[%emt
00:00:15]} 31. Qxe8+ {[%clk 00:01:54]} {[%emt 00:00:38]} Rxe8 {[%clk 00:07:11]}
{[%emt 00:00:04]} 32. Re3 {[%clk 00:02:02]} {[%emt 00:00:23]} Nd4 {[%clk
00:06:37]} {[%emt 00:01:03]} 33. Bb2 {[%clk 00:02:15]} {[%emt 00:00:18]} Nf5
{[%clk 00:06:47]} {[%emt 00:00:20]} 34. Re2 {[%clk 00:02:07]} {[%emt 00:00:38]}
Kg8 {[%clk 00:06:17]} {[%emt 00:01:00]} 35. f3 {[%clk 00:00:59]} {[%emt
00:01:37]} Nd6 {[%clk 00:05:57]} {[%emt 00:00:51]} 36. Kg3 {[%clk 00:00:32]}
{[%emt 00:00:57]} Kf7 {[%clk 00:05:44]} {[%emt 00:00:43]} 37. Bc3 {[%clk
00:00:34]} {[%emt 00:00:28]} g5 {[%clk 00:03:42]} {[%emt 00:02:32]} 38. Kf2
{[%clk 00:00:45]} {[%emt 00:00:19]} Re6 {[%clk 00:03:44]} {[%emt 00:00:27]} 39.
Bb4 {[%clk 00:00:35]} {[%emt 00:00:41]} exf3 {[%clk 00:02:58]} {[%emt
00:01:16]} 40. Kxf3 {[%clk 00:00:38]} {[%emt 00:00:26]} Rxe2 {[%clk 00:02:16]}
{[%emt 00:01:13]} 41. Kxe2 {[%clk 00:01:03]} {[%emt 00:00:05]} Nf5 {[%clk
00:02:34]} {[%emt 00:00:12]} 1/2-1/2

[Event "European Chess Club Cup 2023"]
[Site "Durres, Albania"]
[Date "2023.10.02"]
[Round "2.6"]
[White "Lupulescu, Constantin"]
[Black "Bator, Robert"]
[Result "1-0"]
[TimeControl "90' + 30' & 30\""]
[WhiteElo "2581"]
[BlackElo "2342"]

1. d4 {[%clk 01:30:57]} {[%emt 00:00:02]} d5 {[%clk 01:30:37]} {[%emt
00:00:25]} 2. c4 {[%clk 01:31:23]} {[%emt 00:00:03]} e6 {[%clk 01:30:42]}
{[%emt 00:00:26]} 3. Nc3 {[%clk 01:31:46]} {[%emt 00:00:06]} Nf6 {[%clk
01:30:18]} {[%emt 00:00:53]} 4. cxd5 {[%clk 01:32:09]} {[%emt 00:00:09]} exd5
{[%clk 01:30:26]} {[%emt 00:00:21]} 5. Bg5 {[%clk 01:32:34]} {[%emt 00:00:05]}
Be7 {[%clk 01:25:26]} {[%emt 00:05:31]} 6. e3 {[%clk 01:32:34]} {[%emt
00:00:29]} O-O {[%clk 01:23:00]} {[%emt 00:02:57]} 7. Bd3 {[%clk 01:32:21]}
{[%emt 00:00:42]} h6 {[%clk 01:22:59]} {[%emt 00:00:31]} 8. Bh4 {[%clk
01:31:41]} {[%emt 00:01:11]} c6 {[%clk 01:20:58]} {[%emt 00:02:31]} 9. Nge2
{[%clk 01:25:59]} {[%emt 00:06:12]} a5 {[%clk 01:17:55]} {[%emt 00:03:33]} 10.
O-O {[%clk 01:23:45]} {[%emt 00:02:43]} b5 {[%clk 01:13:40]} {[%emt 00:04:46]}
11. f3 {[%clk 01:14:35]} {[%emt 00:09:40]} b4 {[%clk 01:10:03]} {[%emt
00:04:07]} 12. Na4 {[%clk 01:13:58]} {[%emt 00:01:06]} Nfd7 {[%clk 01:09:01]}
{[%emt 00:01:33]} 13. Bf2 {[%clk 01:08:59]} {[%emt 00:05:28]} c5 {[%clk
00:58:50]} {[%emt 00:10:41]} 14. dxc5 {[%clk 00:56:01]} {[%emt 00:13:29]} Nxc5
{[%clk 00:58:55]} {[%emt 00:00:25]} 15. Nxc5 {[%clk 00:56:23]} {[%emt
00:00:08]} Bxc5 {[%clk 00:59:21]} {[%emt 00:00:04]} 16. Nf4 {[%clk 00:43:08]}
{[%emt 00:13:45]} Bb7 {[%clk 00:46:36]} {[%emt 00:13:15]} 17. Bc2 {[%clk
00:42:25]} {[%emt 00:01:13]} Ra6 {[%clk 00:30:57]} {[%emt 00:16:09]} 18. Qd3
{[%clk 00:30:46]} {[%emt 00:12:08]} g6 {[%clk 00:31:11]} {[%emt 00:00:16]} 19.
Bb3 {[%clk 00:30:19]} {[%emt 00:00:58]} Rd6 {[%clk 00:28:51]} {[%emt 00:02:49]}
20. Rfd1 {[%clk 00:30:29]} {[%emt 00:00:20]} Na6 {[%clk 00:24:11]} {[%emt
00:05:11]} 21. Rac1 {[%clk 00:26:47]} {[%emt 00:04:11]} Qa8 {[%clk 00:18:14]}
{[%emt 00:06:28]} 22. h4 {[%clk 00:17:02]} {[%emt 00:10:15]} Rfd8 {[%clk
00:14:26]} {[%emt 00:04:18]} 23. h5 {[%clk 00:16:52]} {[%emt 00:00:40]} g5
{[%clk 00:14:23]} {[%emt 00:00:32]} 24. Ne2 {[%clk 00:13:16]} {[%emt 00:04:06]}
Qa7 {[%clk 00:06:53]} {[%emt 00:08:00]} 25. Bc2 {[%clk 00:12:25]} {[%emt
00:01:22]} f5 {[%clk 00:05:00]} {[%emt 00:02:23]} 26. Qxf5 {[%clk 00:11:17]}
{[%emt 00:01:38]} Bc8 {[%clk 00:04:13]} {[%emt 00:01:17]} 27. Qd3 {[%clk
00:10:54]} {[%emt 00:00:51]} g4 {[%clk 00:02:58]} {[%emt 00:01:46]} 28. Nf4
{[%clk 00:06:46]} {[%emt 00:04:38]} g3 {[%clk 00:02:16]} {[%emt 00:01:12]} 29.
Bxg3 {[%clk 00:07:12]} {[%emt 00:00:04]} Bxe3+ {[%clk 00:02:43]} {[%emt
00:00:04]} 30. Kh2 {[%clk 00:05:39]} {[%emt 00:02:03]} Bxc1 {[%clk 00:02:16]}
{[%emt 00:00:57]} 31. Rxc1 {[%clk 00:06:06]} {[%emt 00:00:03]} Qg7 {[%clk
00:01:36]} {[%emt 00:01:09]} 32. Ng6 {[%clk 00:03:58]} {[%emt 00:02:38]} Re6
{[%clk 00:01:39]} {[%emt 00:00:27]} 33. Bb3 {[%clk 00:03:16]} {[%emt 00:01:13]}
Bb7 {[%clk 00:01:53]} {[%emt 00:00:16]} 34. Qf5 {[%clk 00:03:01]} {[%emt
00:00:45]} Qf6 {[%clk 00:02:13]} {[%emt 00:00:10]} 35. Qg4 {[%clk 00:02:10]}
{[%emt 00:01:20]} Rc6 {[%clk 00:00:34]} {[%emt 00:02:10]} 36. Ne7+ {[%clk
00:01:23]} {[%emt 00:01:17]} Kf8 {[%clk 00:00:51]} {[%emt 00:00:12]} 37. Bh4
{[%clk 00:00:56]} {[%emt 00:00:57]} Qd6+ {[%clk 00:00:58]} {[%emt 00:00:23]} 38.
f4 {[%clk 00:01:12]} {[%emt 00:00:14]} Qe6 {[%clk 00:01:19]} {[%emt 00:00:10]}
39. Ng6+ {[%clk 00:01:11]} {[%emt 00:00:30]} Ke8 {[%clk 00:01:31]} {[%emt
00:00:18]} 40. Re1 {[%clk 00:01:21]} {[%emt 00:00:20]} 1-0

[Event "European Chess Club Cup 2023"]
[Site "Durres, Albania"]
[Date "2023.10.02"]
[Round "2.7"]
[White "Carlsen, Magnus"]
[Black "Haria, Ravi"]
[Result "1-0"]
[TimeControl "90' + 30' & 30\""]
[WhiteElo "2839"]
[BlackElo "2522"]

1. e4 {[%clk 01:30:30]} {[%emt 01:34:59]} e6 {[%clk 01:29:45]} {[%emt
00:01:43]} 2. d4 {[%clk 01:31:11]} {[%emt 00:00:07]} d5 {[%clk 01:30:12]}
{[%emt 00:00:04]} 3. e5 {[%clk 01:31:34]} {[%emt 00:00:07]} c5 {[%clk
01:30:35]} {[%emt 00:00:07]} 4. c3 {[%clk 01:31:59]} {[%emt 00:00:04]} Nc6
{[%clk 01:29:30]} {[%emt 00:01:35]} 5. Nf3 {[%clk 01:32:22]} {[%emt 00:00:07]}
Bd7 {[%clk 01:29:56]} {[%emt 00:00:04]} 6. Be2 {[%clk 01:32:15]} {[%emt
00:00:37]} cxd4 {[%clk 01:28:48]} {[%emt 00:01:39]} 7. cxd4 {[%clk 01:32:37]}
{[%emt 00:00:07]} Nge7 {[%clk 01:29:12]} {[%emt 00:00:06]} 8. O-O {[%clk
01:32:18]} {[%emt 00:00:50]} Nf5 {[%clk 01:27:41]} {[%emt 00:02:01]} 9. Nc3
{[%clk 01:31:03]} {[%emt 00:01:45]} a6 {[%clk 01:25:39]} {[%emt 00:02:32]} 10.
Bg5 {[%clk 01:16:23]} {[%emt 00:15:09]} Be7 {[%clk 01:20:52]} {[%emt 00:05:18]}
11. Bxe7 {[%clk 01:16:07]} {[%emt 00:00:45]} Qxe7 {[%clk 01:20:22]} {[%emt
00:01:00]} 12. Qd2 {[%clk 01:02:36]} {[%emt 00:14:01]} O-O {[%clk 01:06:21]}
{[%emt 00:14:31]} 13. Rae1 {[%clk 00:57:57]} {[%emt 00:05:10]} Qd8 {[%clk
00:47:27]} {[%emt 00:19:23]} 14. Bd1 {[%clk 00:49:57]} {[%emt 00:08:30]} f6
{[%clk 00:46:31]} {[%emt 00:01:26]} 15. Ba4 {[%clk 00:42:49]} {[%emt 00:07:39]}
b5 {[%clk 00:38:47]} {[%emt 00:08:13]} 16. Bc2 {[%clk 00:43:11]} {[%emt
00:00:09]} fxe5 {[%clk 00:37:38]} {[%emt 00:01:39]} 17. dxe5 {[%clk 00:43:38]}
{[%emt 00:00:03]} Kh8 {[%clk 00:20:33]} {[%emt 00:17:35]} 18. Ne2 {[%clk
00:42:44]} {[%emt 00:01:24]} Nh4 {[%clk 00:20:34]} {[%emt 00:00:28]} 19. Nxh4
{[%clk 00:42:56]} {[%emt 00:00:18]} Qxh4 {[%clk 00:20:57]} {[%emt 00:00:07]} 20.
f4 {[%clk 00:43:21]} {[%emt 00:00:06]} Rac8 {[%clk 00:14:29]} {[%emt 00:06:57]}
21. Bb1 {[%clk 00:42:52]} {[%emt 00:00:59]} Qh6 {[%clk 00:11:41]} {[%emt
00:03:18]} 22. Qe3 {[%clk 00:41:25]} {[%emt 00:01:58]} Qh4 {[%clk 00:06:15]}
{[%emt 00:05:56]} 23. Rc1 {[%clk 00:40:52]} {[%emt 00:01:02]} Qe7 {[%clk
00:05:25]} {[%emt 00:01:20]} 24. Qh3 {[%clk 00:38:19]} {[%emt 00:03:03]} h6
{[%clk 00:05:08]} {[%emt 00:00:48]} 25. g4 {[%clk 00:36:27]} {[%emt 00:02:21]}
d4 {[%clk 00:03:04]} {[%emt 00:02:33]} 26. a3 {[%clk 00:34:11]} {[%emt
00:02:47]} Kg8 {[%clk 00:01:58]} {[%emt 00:01:36]} 27. g5 {[%clk 00:33:55]}
{[%emt 00:00:47]} Nxe5 {[%clk 00:00:38]} {[%emt 00:01:49]} 28. Rxc8 {[%clk
00:33:46]} {[%emt 00:00:39]} Bxc8 {[%clk 00:01:00]} {[%emt 00:00:08]} 29. fxe5
{[%clk 00:33:52]} {[%emt 00:00:25]} Qxg5+ {[%clk 00:00:41]} {[%emt 00:00:48]}
30. Qg3 {[%clk 00:34:12]} {[%emt 00:00:10]} Rxf1+ {[%clk 00:00:34]} {[%emt
00:00:38]} 31. Kxf1 {[%clk 00:34:40]} {[%emt 00:00:01]} Qd2 {[%clk 00:00:43]}
{[%emt 00:00:21]} 32. Bg6 {[%clk 00:33:53]} {[%emt 00:01:18]} 1-0